000 00796nam a2200241Ia 4500
003 OSt
005 20220926012232.0
006 a|||||r|||| 00| 0
007 ta
008 220923b |||||||| |||| 00| 0 eng d
020 _a9780231114493
_c1314.4300000000001
037 _bOD00607121925F, 12/12/2011, WS RETAIL SERVICES PVT. LTD
_cGeneral Book
040 _aRTL
_cRTL
_beng
041 _2eng
_aeng
082 _aV465, M6;N9
100 _aSaid Edward W
_919444
245 0 _aAfter the last sky
_b Palestinian lives
260 _aNew York
_bCalumbia University Press
_c1999
300 _axiii, 174p
_ccm.
650 _aSociology
942 _hV465, M6;N9
_cGB
_2CC
999 _c622141
_d622141